LEADER 01077nam--2200373---450- 001 990003187770203316 005 20090114113741.0 035 $a000318777 035 $aUSA01000318777 035 $a(ALEPH)000318777USA01 035 $a000318777 100 $a20090114d1983----km-y0itay50------ba 101 $aita 102 $aIT 105 $a||||||||001yy 200 1 $aCultura e finanze$estudi sulla storia dei Gesuiti da S. Ignazio al Vaticano 2.$fMiquel Batllori, S.I 210 $aRoma$cEdizioni di storia e letteratura$d1983 215 $a495 p.$d25 cm 225 2 $aStoria e letteratura$v158 300 $aIn parte gia pubbl. 410 0$12001$aStoria e letteratura 454 1$12001 461 1$1001-------$12001 606 0 $aGesuiti 676 $a271 700 1$aMIQUEL BATLLORI,$bS.I.$0603010 801 0$aIT$bsalbc$gISBD 912 $a990003187770203316 951 $a271 MIQ$b1681 DITESI (SEZ.VI N.149) 959 $aBK 969 $aDITESI 979 $aDLAS$b10$c20090114$lUSA01$h1137 996 $aCultura e finanze$91015761 997 $aUNISA